000 00295nam a22001337a 4500
008 181105b xxu||||| |||| 00| 0 eng d
020 _a30815175310
041 _aeng
080 _23rd
_a616.5
100 _a7
101 _aDER
245 _aThe Nails in Disease
_cSamman, P.D
942 _2udc
_cBK
999 _c51872
_d51872